| 000 | 01118nam a2200277 a 4500 | ||
|---|---|---|---|
| 001 | BRL_520 | ||
| 005 | 20190320210800.0 | ||
| 008 | 270813s1946----sp-ag#####---#000-0#spa-# | ||
| 041 | _aspa | ||
| 044 | _aspa | ||
| 050 | 4 |
_aML3921 _b.S3 1946 |
|
| 100 | 1 |
_aSchneider, Marius _924176 |
|
| 245 | 1 | 0 |
_aEl origen musical de los animales-simbolos en la mitología y la escultura antiguas _bensayo histórico-etnográfico sobre la subestructura totemística y megalítica de las atlas culturas y su supervivencia en el folklore español _cMarius Schneider. |
| 260 |
_aBarcelona _bConsejo Superior de Investigaciones Científicas _c1946 |
||
| 300 |
_avii, 472 p. (p. 440-454 másica) _bil., diagramas _c24 cm. _e12 laminas |
||
| 440 | 0 |
_aConsejo Superior de Investigaciones Científicas. Instituto Espanñol de Musicología _pMonografías _v1 _924177 |
|
| 500 | _aAu586 | ||
| 500 | _aTiene desprendido el lomo. | ||
| 500 | _aIncluye índice alfabético. | ||
| 650 | 1 | 4 |
_aTeoría _xMúsica _924178 |
| 650 | 1 | 4 |
_aMitología _99838 |
| 650 | 1 | 4 |
_aTotemismo _924179 |
| 650 | 1 | 4 |
_aFolclor _924180 |
| 902 | _aGRL | ||
| 942 |
_2lcc _cB |
||
| 999 |
_c9332 _d9332 |
||